Η επίλυση διενέξεων σε ειδικούς χώρους εργασίας : η αιτιολόγηση των υπευθύνων της διένεξης : [μεταπτυχιακή εργασία]

Saved in:
Bibliographic Details
Main Author: Βασιλόπουλος, Βασίλειος
Corporate Author: Πανεπιστήμιο Αιγαίου Σχολή Επιστημών της Διοίκησης Τμήμα Ναυτιλίας και Επιχειρηματικών Υπηρεσιών Πρόγραμμα Μεταπτυχιακών Σπουδών "Ναυτιλία, Μεταφορές και Διεθνές Εμπόριο - ΝΑ.Μ.Ε."
Format: Thesis Book
Language:Greek
Published: 2009.
Subjects:
Online Access:http://hdl.handle.net/11610/13505
Tags: Add Tag
No Tags, Be the first to tag this record!

MARC

LEADER 00000cam a2200000 i 4500
001 1/102234
008 090306s2009 gre d
035 |l 10103578 
040 |a GR-MY-UA  |b gre  |e aacr 
041 0 |a gre 
082 0 |a 658.4056  |2 (22) 
100 1 |a Βασιλόπουλος, Βασίλειος. 
245 1 2 |a Η επίλυση διενέξεων σε ειδικούς χώρους εργασίας :   |b η αιτιολόγηση των υπευθύνων της διένεξης : [μεταπτυχιακή εργασία] /   |c Βασίλειος Βασιλόπουλος ; επιβλέπων καθηγητής Νικόλαος Κωνσταντόπουλος.  
260 |c 2009.  
300 |a 105 σ. :   |b διαγρ. ;   |c 30 εκ.  
502 |a Διατριβή (μεταπτυχιακή) – Πανεπιστήμιο Αιγαίου, Χίος, 2009. 
504 |a Περιλαμβάνει βιβλιογραφία.  
650 0 0 |a Locus of control. 
650 0 0 |a Employees  |x Attitudes. 
650 0 0 |a Diversity in the workplace. 
650 0 0 |a Organizational behavior. 
650 0 0 |a Negotiation in business. 
650 0 0 |a Crisis management. 
650 0 0 |a Personnel management. 
650 0 0 |a Decision making. 
650 0 0 |a Communication in management. 
650 0 0 |a Dissertations, Academic  |z Greece. 
700 1 |a Κωνσταντόπουλος, Νικόλαος,  |e dgs 
710 1 |a Πανεπιστήμιο Αιγαίου  |b Σχολή Επιστημών της Διοίκησης  |b Τμήμα Ναυτιλίας και Επιχειρηματικών Υπηρεσιών  |b Πρόγραμμα Μεταπτυχιακών Σπουδών "Ναυτιλία, Μεταφορές και Διεθνές Εμπόριο - ΝΑ.Μ.Ε.". 
852 |a INST  |b CHIOS  |c DIATR  |e 20101214  |h 658.4056 ΒΑΣ  |p 005200032595  |q 005200032595  |t MTXE  |y 23 
852 |a INST  |b CHIOS  |c DIATR  |e 20101214  |h 658.4056 ΒΑΣ  |p 005200032596  |q 005200032596  |t MTXE  |y 23 
856 |u http://hdl.handle.net/11610/13505 
901 |a BIBL2-2010-3 
909 |a Χ  |b 149209 
909 |a Χ  |b 149210 
924 |a ΒΑΣΙΛΟΠΟΥΛΟΣ  |b ΒΑΣΙΛΕΙΟΣ  |y ΧΙΟΣ  |z 2009-12 
970 |a ΠΑΡΟΙΚΑΚΗ  |b ΒΑΣΙΛΙΚΗ  |z 2010/12/14